Evaluation of the functioning system of the social and solidarity economy (SSE) in Slovakia
Na minha lista:
| Autor principal: | |
|---|---|
| Outros Autores: | , |
| Formato: | Capítulo de Livro |
| Idioma: | inglês |
| Tags: |
Sem tags, seja o primeiro a adicionar uma tag!
|
MARC
| LEADER | 00000nla a2200000 4500 | ||
|---|---|---|---|
| 001 | 0220143 | ||
| 005 | 20240522140359.3 | ||
| 041 | 0 | |a eng | |
| 044 | |a AE | ||
| 245 | 1 | 0 | |a Evaluation of the functioning system of the social and solidarity economy (SSE) in Slovakia |c Gabriela Dubcová, Denisa Gajdová, Katarína Grančičová |
| 500 | |a Abstrakt | ||
| 100 | 1 | |a Dubcová, Gabriela, 1968- | |
| 700 | 1 | |a Gajdová, Denisa, 1977- | |
| 700 | 1 | |a Grančičová, Katarína, 1967- | |